000 00796cam a2200229 4500
008 000000n2001 000 0 eng u
020 _a1900915146
035 _a(Sirsi) u110907
050 _a690.241
110 _aInstitute of Historic Building Conservation
_93725
245 _aInstitute of Historic Building Conservation handbook (2001)
260 _aWiltshire
_bCathedral Communications
_c2001
300 _a80p. ; 30cm.
520 _aIncludes topcial articles, directory of members, products and services and key industry addresses.
650 _aCONSERVATION
650 _aIHBC
650 _aHISTORIC BUILDINGS
650 _aLISTED BUILDINGS
650 _aDIRECTORIES
690 _aBUILT ENVIRONMENT-BUILDING MAINTENANCE AND REFURBISHMENT-BUILDING CONSERVATION
942 _n0
999 _c101159
_d101159